| 000 | 00871nam a2200217 a 4500 | ||
|---|---|---|---|
| 001 | 000035825 | ||
| 005 | 20200930074637.0 | ||
| 008 | 111115s1981 mx a 000 0 spa d | ||
| 040 |
_aDO-SdBNP _bspa _cBNPHU |
||
| 082 |
_annn _bA244 |
||
| 240 | 1 | 0 |
_aAdulthood _lEspañol |
| 245 | 0 | 3 |
_aLa adultez / _cHerant A. Katchadourian ... [et al.] ; compilador Erik H. Erikson ; traducción de Celia Haydee Paschero. |
| 260 |
_aMéxico : _bFondo de Cultura Económica, _c1981. |
||
| 300 |
_a402 p. : _bil. ; _c24 cm. |
||
| 500 | _aIncluye referencias bibliográficas y notas al pie de las páginas | ||
| 590 | _aPerteneció a la biblioteca personal de Juan Isidro Jimenes Grullón | ||
| 590 | _aInventariado, 2019 /LP | ||
| 700 | 1 |
_aErikson, Erik H. _qErik Homburger _d1902-1994. _961789 |
|
| 700 | 1 |
_aKatchadourian, Herant A _961790 |
|
| 700 | 1 |
_aPaschero, Celia Haydee, _etr. _961791 |
|
| 999 |
_c35316 _d35316 |
||